00406nam a2200157Ia 4500001000500000005001700005008004100022041000800063082001300071100003500084245007600119260000900195300002800204650000800232654000800240975820260306161742.0260306t2002||||xx |||||||||||||| ||spa|| aESP a411bH83 aHuamán Cabrera, FélixeAUT 0aComunicación escrita:bproducción de textos (método sintáctico) c2002 a121 páginas :c20 cm. aGEN aCHU